000 00547nam a2200193Ia 4500
003 OSt
005 20240926143500.0
008 220927b |||||||| |||| 00| 0 eng d
037 _cTextual
040 _aSDCL
_cSDCL
_bhin
041 _2hin
_ahin
082 _aY:1.2'A L0;1
100 _aGairola, Vachaspati
_9419690
245 0 _aVedic sahitya aur sanskriti.
260 _aAllahabad :
_bSamvartika Prakashan,
_c1970.
300 _a487p.
942 _hY:1.2'A L0;1
_cTEXL
_2CC
999 _c735829
_d735829